000 00985nam a22002531i 4500
001 000030516
003 RuMoIPM
005 20260507104545.0
008 130115s1974----ur | c rus
040 _aRuMoIPM
_brus
_ercr
041 0 _arus
044 _aru
080 _a510(07)
245 1 _aСборник задач по элементарной математике
_bПособие для самообразования
_c[Н. П. Антонов, М. Я. Выгодский, В. В. Никитин, А. И. Санкин]
250 _a16-е изд.
260 _aМосква
_bНаука
_c1974
300 _a416 с.
_bил.
500 _aАвт. указаны на обороте тит. л.
700 1 _aАнтонов, Николай Петрович
700 1 _aВыгодский, Марк Яковлевич
700 1 _aНикитин, Владимир Васильевич
700 1 _aСанкин, Александр Иосифович
942 _cBK
999 _c30516
_d30516